000 00314nam a22001337a 4500
008 180903b xxu||||| |||| 00| 0 eng d
020 _a9781581072495
041 _aeng
080 _a72
100 _a41
101 _aARK
245 _aOptions Constructing Your House Of Fictions
_cBlythe.h
942 _2udc
_cBK
999 _c47460
_d47460